00410 a2200169 4500001000700000020002600007020002200033041000800055100002000063250001000083300001900093490002100112830002100133040002500154245003700179260002400216115829 a1415552320 (BWI bdg.) a1570642613 (pbk.) apor aBernthal, Mark. a. ed. a1 v. (unpaged) aGo to ... series aGo to ... series aBR-BrIDEAcBR-BrIDEA10aGoes to the farmc Mark Bernthal bLyrick Pub. :c1998